Deutsche Städte, die auf -heim enden - #2 - Statistiken

Allgemein
  • Dieses Quiz wurde 31 mal gespielt
  • Das Durchschnittsergebnis liegt bei 4 aus 21
Antwortstatistiken
BL Einwohner Stadt % Korrekt
NI 98.510 Hildesheim
79%
NW 173.050 Mülheim an der Ruhr
54%
BY 65.274 Rosenheim
46%
HE 41.124 Bensheim
29%
BW 37.036 Sinsheim
25%
HE 32.894 Bad Nauheim
21%
NW 48.203 Bornheim
18%
RP 35.016 Ingelheim am Rhein
18%
NW 56.150 Pulheim
18%
HE 29.309 Griesheim
14%
NW 43.630 Monheim am Rhein
14%
BW 20.097 Müllheim im Markgräflerland
11%
BW 24.023 Bad Mergentheim
7%
BW 33.980 Kornwestheim
7%
NI 27.326 Northeim
7%
BY 28.482 Unterschleißheim
7%
HE 21.344 Flörsheim am Main
4%
HE 28.175 Kelkheim (Taunus)
4%
RP 21.715 Germersheim
0%
BW 20.332 Schopfheim
0%
BW 22.874 Wertheim
0%
Keine übereinstimmenden Quizze gefunden
Verteilung der Resultate
Anzahl Personen mit jedem Resultat
Perzentil nach korrekt beantworteten Fragen
Ihre Resultats-Entwicklung
Sie haben dieses Quiz noch nicht gespielt